[Event "RUS-ch Silent"]
[Site "Zelenograd"]
[Date "2022.04.17"]
[Round "10"]
[White "Mansursky, Shevket"]
[Black "Marievsky, Maxim"]
[Result "1/2-1/2"]
[WhiteElo "1537"]
[BlackElo "1878"]
[PlyCount "66"]
[EventDate "2022.04.09"]
[EventType "swiss"]
[EventRounds "11"]
[EventCountry "RUS"]
[SourceTitle "EXT 2023"]
[Source "ChessBase"]
[SourceDate "2022.10.05"]
[SourceVersion "1"]
[SourceVersionDate "2022.10.05"]
[SourceQuality "1"]

1. c4 f5 2. Nf3 Nf6 3. g3 b6 4. Bg2 Bb7 5. 0-0 e6 6. d4 d6 7. Nc3 Be7 8. Qc2 Qc8 9. Re1 0-0 10. Bg5 Nc6 11. a3 e5 12. d5 Nd8 13. e4 fxe4 14. Nxe4 Nxe4 15. Bxe7 Nf6 16. Bxf8 Kxf8 17. Ng5 Kg8 18. Bh3 Qb8 19. Ne6 Nxe6 20. Bxe6+ Kh8 21. g4 Qd8 22. Qd3 Bc8 23. Qh3 g6 24. f4 exf4 25. Re2 Qf8 26. Rae1 Bxe6 27. Rxe6 Re8 28. g5 Rxe6 29. Qxe6 Ng8 30. h4 f3 31. Kf2 Qf4 32. Qh3 Qd2+ 33. Kf1 Qd3+ 1/2-1/2

[Event "RUS-ch Silent"]
[Site "Zelenograd"]
[Date "2022.04.15"]
[Round "8"]
[White "Pogoskin, Roman"]
[Black "Marievsky, Maxim"]
[Result "1-0"]
[WhiteElo "1994"]
[BlackElo "1878"]
[PlyCount "73"]
[EventDate "2022.04.09"]
[EventType "swiss"]
[EventRounds "11"]
[EventCountry "RUS"]
[SourceTitle "EXT 2023"]
[Source "ChessBase"]
[SourceDate "2022.10.05"]
[SourceVersion "1"]
[SourceVersionDate "2022.10.05"]
[SourceQuality "1"]

1. e4 Nf6 2. e5 Nd5 3. d4 d6 4. c4 Nb6 5. Nf3 Bg4 6. exd6 cxd6 7. h3 Bf5 8. Nc3 g6 9. d5 Bg7 10. Nd4 Bd7 11. Be2 0-0 12. 0-0 e5 13. dxe6 fxe6 14. a4 Nc8 15. Be3 e5 16. Ndb5 Bc6 17. Nd5 Rf7 18. Qd2 Bxd5 19. Qxd5 a6 20. Nc3 Nc6 21. c5 N8e7 22. Qxd6 Rf6 23. Bc4+ Kf8 24. Qxd8+ Rxd8 25. Ne4 Rf4 26. Bxf4 exf4 27. Ng5 Rd2 28. Ne6+ Kf7 29. Nxg7+ Kxg7 30. b3 f3 31. Rad1 Rd4 32. Rxd4 Nxd4 33. Rd1 Nef5 34. gxf3 Nxf3+ 35. Kg2 N3d4 36. Bd5 a5 37. Bxb7 1-0

[Event "RUS-ch Silent"]
[Site "Zelenograd"]
[Date "2022.04.13"]
[Round "6"]
[White "Kudriavtsev, Yury"]
[Black "Marievsky, Maxim"]
[Result "0-1"]
[WhiteElo "1727"]
[BlackElo "1878"]
[PlyCount "44"]
[EventDate "2022.04.09"]
[EventType "swiss"]
[EventRounds "11"]
[EventCountry "RUS"]
[SourceTitle "EXT 2023"]
[Source "ChessBase"]
[SourceDate "2022.10.05"]
[SourceVersion "1"]
[SourceVersionDate "2022.10.05"]
[SourceQuality "1"]

1. Nf3 d5 2. b3 c5 3. e3 Nc6 4. Bb2 Nf6 5. d4 Bg4 6. Be2 e6 7. 0-0 Be7 8. c4 0-0 9. Nbd2 cxd4 10. Nxd4 Bxe2 11. Qxe2 Rc8 12. Rfd1 Qa5 13. cxd5 Qxd5 14. Nxc6 Qxc6 15. Nc4 Qb5 16. Kf1 Rfd8 17. Rac1 Qf5 18. f3 b5 19. Bxf6 gxf6 20. Nd2 Rc2 21. g4 Rdxd2 22. Qxd2 Qxf3+ 0-1

[Event "RUS-ch Silent"]
[Site "Zelenograd"]
[Date "2018.11.02"]
[Round "10"]
[White "Davydov, Evgeny G"]
[Black "Marievsky, Maxim"]
[Result "0-1"]
[WhiteElo "1959"]
[BlackElo "1827"]
[PlyCount "82"]
[EventDate "2018.10.25"]
[EventType "swiss"]
[EventRounds "11"]
[EventCountry "RUS"]
[SourceTitle "EXT 2020"]
[Source "ChessBase"]
[SourceDate "2019.10.17"]
[SourceVersion "1"]
[SourceVersionDate "2019.10.17"]
[SourceQuality "1"]

1. Nf3 d5 2. d4 Nf6 3. c4 e6 4. e3 Bb4+ 5. Nbd2 c5 6. dxc5 dxc4 7. Bxc4 0-0 8. 0-0 Bxc5 9. a3 Be7 10. Qe2 a6 11. Rd1 b5 12. Ba2 Qb6 13. Ne5 Nc6 14. Ndf3 Nxe5 15. Nxe5 Qc7 16. Nd3 Bb7 17. Bd2 Rac8 18. Bc3 Ne4 19. Rac1 Nxc3 20. Rxc3 Qb6 21. Rxc8 Rxc8 22. Ne5 Rd8 23. Rxd8+ Qxd8 24. Qg4 Qd6 25. Qd4 Qxd4 26. exd4 Bd8 27. Nd7 Bc8 28. Nc5 Bf6 29. d5 exd5 30. Bxd5 Bxb2 31. a4 Ba3 32. Nb7 bxa4 33. Nd8 Kf8 34. Nxf7 Ke7 35. Ng5 Kd6 36. Bg8 Bf5 37. h3 Bc1 38. Nf7+ Ke7 39. Ne5 a3 40. Nc6+ Kd6 41. Nd4 Bb1 0-1

[Event "RUS-ch Silent"]
[Site "Zelenograd"]
[Date "2018.10.26"]
[Round "2"]
[White "Marievsky, Maxim"]
[Black "Shalagin, Vladimir"]
[Result "1/2-1/2"]
[WhiteElo "1827"]
[BlackElo "2015"]
[PlyCount "108"]
[EventDate "2018.10.25"]
[EventType "swiss"]
[EventRounds "11"]
[EventCountry "RUS"]
[SourceTitle "EXT 2020"]
[Source "ChessBase"]
[SourceDate "2019.10.17"]
[SourceVersion "1"]
[SourceVersionDate "2019.10.17"]
[SourceQuality "1"]

1. Nf3 d5 2. b3 c5 3. e3 Nc6 4. Bb2 Nf6 5. Bb5 Bg4 6. h3 Bh5 7. d4 Qa5+ 8. Nc3 Ne4 9. Bxc6+ bxc6 10. 0-0 Nxc3 11. Qd2 Bxf3 12. gxf3 cxd4 13. exd4 e6 14. Bxc3 Qc7 15. Ba5 Qd7 16. Bb4 Bd6 17. Bxd6 Qxd6 18. f4 0-0 19. Rfe1 c5 20. c3 Rac8 21. Rac1 g6 22. Qe3 a5 23. Qe5 Qd7 24. c4 dxc4 25. Rxc4 cxd4 26. Rxd4 Qa7 27. Qe3 Qe7 28. f5 gxf5 29. Qg3+ Kh8 30. Qe5+ f6 31. Qxe6 Qg7+ 32. Kf1 Rg8 33. Rd7 Qg2+ 34. Ke2 Rce8 35. Re7 Qg6 36. Kf1 Qg2+ 37. Ke2 Qg6 38. Kf1 Rxe7 39. Qxe7 f4 40. Qe4 Qh5 41. Qe6 Qg5 42. Re4 h5 43. Ke2 Kh7 44. Qd6 f3+ 45. Kxf3 Qg2+ 46. Ke3 Qxh3+ 47. Ke2 Qf5 48. Re7+ Rg7 49. Rxg7+ Kxg7 50. Qe7+ Kg6 51. Qe8+ Kg7 52. Qe7+ Kh6 53. Qf8+ Kh7 54. Qf7+ Kh8 1/2-1/2

[Event "RUS-ch Silent"]
[Site "Zelenograd"]
[Date "2017.09.20"]
[Round "2"]
[White "Marievsky, Maxim"]
[Black "Davydov, Evgeny G"]
[Result "1/2-1/2"]
[WhiteElo "1916"]
[BlackElo "2053"]
[PlyCount "83"]
[EventDate "2017.09.19"]
[EventType "swiss"]
[EventRounds "11"]
[EventCountry "RUS"]
[SourceTitle "EXT 2019"]
[Source "ChessBase"]
[SourceDate "2018.10.10"]
[SourceVersion "1"]
[SourceVersionDate "2018.10.10"]
[SourceQuality "1"]

1. f4 d5 2. Nf3 g6 3. e3 Bg7 4. c4 c6 5. Qb3 Nf6 6. Nc3 0-0 7. Be2 e6 8. 0-0 Nbd7 9. d4 Qb6 10. c5 Qc7 11. Ne5 b6 12. cxb6 axb6 13. Bd2 Ba6 14. Bxa6 Rxa6 15. Rac1 c5 16. Nb5 Qb7 17. a3 Ne4 18. Rfd1 Nxe5 19. fxe5 f6 20. exf6 Bxf6 21. Qd3 Raa8 22. Nc3 Nd6 23. Ne2 Nc4 24. Rc2 Rad8 25. Nf4 Rfe8 26. Bc3 Qe7 27. Rf2 Bg7 28. Rdf1 Nd6 29. Rf3 Ne4 30. Qc2 Rf8 31. Nd3 Rxf3 32. Rxf3 Rc8 33. dxc5 Nxc3 34. bxc3 bxc5 35. Nf4 Qd6 36. e4 Qe5 37. exd5 exd5 38. Qe2 Qxe2 39. Nxe2 Ra8 40. Rd3 d4 41. cxd4 cxd4 42. Kf2 1/2-1/2

[Event "RUS-ch IPCA"]
[Site "Volgograd"]
[Date "2017.05.03"]
[Round "4"]
[White "Melnik, Galina Ivanovna"]
[Black "Marievsky, Maxim"]
[Result "0-1"]
[WhiteElo "1848"]
[BlackElo "1912"]
[PlyCount "62"]
[EventDate "2017.04.30"]
[EventType "swiss"]
[EventRounds "9"]
[EventCountry "RUS"]
[SourceTitle "CBM 178 Extra"]
[Source "ChessBase"]
[SourceDate "2017.06.22"]
[SourceVersion "1"]
[SourceVersionDate "2017.06.22"]
[SourceQuality "1"]

1. d4 Nf6 2. Nf3 g6 3. c4 Bg7 4. Nc3 d5 5. cxd5 Nxd5 6. Bd2 0-0 7. Rc1 c6 8. e3 Qb6 9. Na4 Qd8 10. Be2 Nb6 11. Nc5 N8d7 12. Nd3 Nf6 13. Nfe5 Ne4 14. Bb4 Nd5 15. Ba3 Qa5+ 16. Kf1 Bh6 17. Qe1 Qd8 18. Nc5 Nd6 19. Bb4 f6 20. Ng4 Bg7 21. e4 Nxb4 22. Qxb4 Kh8 23. Qb3 e5 24. dxe5 fxe5 25. Qd3 Nb5 26. Rd1 Qe7 27. Nb3 Be6 28. Ne3 Rad8 29. Qb1 Nd4 30. Nxd4 exd4 31. Nc4 Qf7 0-1

[Event "Zelenograd-ch"]
[Site "Zelenograd"]
[Date "2016.09.22"]
[Round "6"]
[White "Kudriavtsev, Yury"]
[Black "Marievsky, Maxim"]
[Result "0-1"]
[WhiteElo "1845"]
[BlackElo "1936"]
[PlyCount "78"]
[EventDate "2016.09.19"]
[EventType "swiss"]
[EventRounds "11"]
[EventCountry "RUS"]
[SourceTitle "EXT 2017"]
[Source "ChessBase"]
[SourceDate "2016.10.25"]
[SourceVersion "1"]
[SourceVersionDate "2016.10.25"]
[SourceQuality "1"]

1. d4 Nf6 2. Bg5 Ne4 3. Bf4 c5 4. e3 d5 5. Nf3 Nc6 6. Be2 cxd4 7. exd4 Qb6 8. 0-0 Qxb2 9. Nbd2 Nc3 10. Qe1 Nb4 11. Bd3 Nxd3 12. cxd3 e6 13. Qe5 Bd7 14. Rab1 Nxb1 15. Rxb1 Qxa2 16. Rxb7 Rc8 17. h3 Qa6 18. Rc7 f6 19. Rxc8+ Qxc8 20. Qh5+ g6 21. Qh4 Bg7 22. Bd6 Qd8 23. Bc5 a5 24. g4 Bb5 25. Ne1 a4 26. Ndf3 h6 27. Kg2 Kf7 28. Qg3 Bf8 29. h4 a3 30. g5 Bxc5 31. dxc5 Qb8 32. Qh3 Qf4 33. gxf6 a2 34. d4 a1Q 35. Ne5+ Kxf6 36. Ng4+ Kg7 37. Ne3 Qa6 38. Nf3 Qxe3 39. fxe3 Bf1+ 0-1

[Event "Zelenograd-ch"]
[Site "Zelenograd"]
[Date "2016.09.20"]
[Round "4"]
[White "Petrenko, Mikhail"]
[Black "Marievsky, Maxim"]
[Result "1/2-1/2"]
[WhiteElo "1896"]
[BlackElo "1936"]
[PlyCount "130"]
[EventDate "2016.09.19"]
[EventType "swiss"]
[EventRounds "11"]
[EventCountry "RUS"]
[SourceTitle "EXT 2017"]
[Source "ChessBase"]
[SourceDate "2016.10.25"]
[SourceVersion "1"]
[SourceVersionDate "2016.10.25"]
[SourceQuality "1"]

1. e4 Nf6 2. e5 Nd5 3. d4 d6 4. Nf3 Bg4 5. Be2 e6 6. 0-0 Be7 7. c4 Nb6 8. Be3 0-0 9. Nc3 Bf5 10. Bd3 Bxd3 11. Qxd3 N8d7 12. exd6 cxd6 13. b3 e5 14. dxe5 dxe5 15. Rad1 Qc7 16. Nb5 Qb8 17. Qc2 Rc8 18. a4 a6 19. Nc3 a5 20. Nd5 Bc5 21. Bxc5 Rxc5 22. Ng5 g6 23. Ne4 Rxd5 24. cxd5 f5 25. Nc3 Qc7 26. Rd2 Rc8 27. Rc1 Qc5 28. Qd1 Qa3 29. Ne2 Rxc1 30. Nxc1 Qd6 31. Na2 e4 32. Nc3 Qb4 33. Nb5 Ne5 34. Rd4 Qc5 35. d6 Nbd7 36. Rd5 Qc6 37. h3 Kf7 38. Qd2 b6 39. Nc7 Nd3 40. Rxd3 exd3 41. Qxd3 Qc1+ 42. Kh2 Qf4+ 43. Qg3 Qxg3+ 44. Kxg3 Nc5 45. Nd5 Ne4+ 46. Kf4 Ke6 47. Nxb6 g5+ 48. Ke3 Nc5 49. d7 Ke7 50. Kd4 Nxb3+ 51. Ke5 f4 52. Kf5 h6 53. Kg6 f3 54. gxf3 Nd4 55. Kxh6 Nxf3 56. Kh5 Ng1 57. Kg4 Kd8 58. f3 Kc7 59. Kxg5 Nxh3+ 60. Kf6 Kd8 61. Ke6 Ng5+ 62. Kd6 Nxf3 63. Nc4 Nd2 64. Nb6 Nc4+ 65. Kc6 Nxb6 1/2-1/2

[Event "RUS IPCA-ch"]
[Site "Nalchik"]
[Date "2016.05.01"]
[Round "2"]
[White "Grunina, Engelsina"]
[Black "Marievsky, Maxim"]
[Result "0-1"]
[WhiteElo "1470"]
[BlackElo "1930"]
[PlyCount "71"]
[EventDate "2016.04.30"]
[EventType "swiss"]
[EventRounds "9"]
[EventCountry "RUS"]
[SourceTitle "CBM 172 Extra"]
[Source "ChessBase"]
[SourceDate "2016.06.21"]
[SourceVersion "1"]
[SourceVersionDate "2016.06.21"]
[SourceQuality "1"]

1. e4 Nf6 2. e5 Nd5 3. d4 d6 4. Nf3 Bg4 5. exd6 cxd6 6. Be2 g6 7. h3 Bf5 8. a3 Bg7 9. 0-0 0-0 10. Bd3 Bd7 11. c4 Nb6 12. Nc3 e5 13. dxe5 dxe5 14. c5 Nc8 15. Be4 Bc6 16. Qxd8 Rxd8 17. Bg5 f6 18. Be3 f5 19. Bxc6 Nxc6 20. Rad1 N8e7 21. Bg5 h6 22. Bxe7 Nxe7 23. Nd2 Rac8 24. b4 b6 25. Na4 b5 26. Nc3 a6 27. Nb3 e4 28. Ne2 Bb2 29. Nbd4 Kf7 30. Nc2 Nc6 31. Rfe1 Ne5 32. Ned4 Nd3 33. Re2 Rxd4 34. Nxd4 Bxd4 35. g3 Rc6 36. Kf1 0-1